1635 1642 1291 1717 1513 1964 1180 1609 1474 1487 1159 1730 1044 1714 1970 1910 1000 1838 1912 1646 1038 1660 1317 1337 1981 1542 1873 1419 1600 1476 1800 1174 1937 1092 1566 1273 1349 1824 1202 1457 1985 1322 1271 1775 1874 1440 1637 1474 1625 1423 1305 1796 1630 1319 1779 1014 1776 1621 1077 1919 1648 1625 1973 1860 1665 1790 1980 1624 1203 1441 1721 1746 1792 1544 1764 1821 1822 1697 1544 1393 1839 1179 1768 1427 1747 1953 1323 1965 1066 1985 1972 1241 1250 1589 1494 1003 1165 1150 1986 BCNSPRNW ULIB Ver.6.0+V

เปลี่ยนเป็นภาษาไทย

Change to English
 แสดงรายละเอียดบรรณานุกรม
  กลับหน้าหลัก

Brief Record : Get Marc (ISO 2709) : E-mail record : QR code < ปิดหน้าต่าง
LEADER : 00000nam 2200000uu 4500
001    13399114058
003     ULIB
008    110627s||||||||th 000 0 tha d
020    9789747503159
090    นว.^bซ118ก 2550
100 0  ซอย ยูริ
245 00 กรุ่นกลิ่นไปรักดอกไม้แดง 2/^cซอย ยูริ
250    พิมพ์ครั้งที่ 1
260    กรุงเทพฯ :^bแจ่มใส,^c2550
300    229 หน้า
710 1  แจ่มใส
945    ^p0^l0^i021045
995    ทศพร
999 ^a ใช้งานได้ทุกระบบ
รายการนี้ยังไม่มีแท็ก
คุณยังไม่ได้ล็อกอิน คุณสามารถมีกิจกรรมร่วมกับเว็บไซต์ได้ แต่ต้องล็อกอินก่อน ::
  ล็อกอิน

รายการสื่อสารสนเทศ

ลำดับที่ ประเภท เลขเรียก/บาร์โค้ด สถานที่ สถานะ
1. นวนิยาย
นวนิยาย
นว. ซ118ก 2550 ฉ.1 
  Barcode: 021045
ห้องสมุดวิทยาเขตสวรรค์ประชารักษ์
►นวนิยาย
บนชั้น
  ขอยืม

รายการใกล้เคียง
    ผู้แต่ง [ซอย ยูริ]

BibComment


ยังไม่เคยถูกคอมเมนท์

คอมเมนท์ทรัพยากรรายการนี้
  คอมเมนท์: กรุ่นกลิ่นไปรักดอ..


 Copyright 2026. Bcnsprnw @Library